African athena: New agendas (Record no. 1308590)
[ view plain ]
| 000 -LEADER | |
|---|---|
| fixed length control field | 01233nam a2200241 4500 |
| 005 - DATE AND TIME OF LATEST TRANSACTION | |
| control field | 20250409122007.0 |
| 008 - FIXED-LENGTH DATA ELEMENTS--GENERAL INFORMATION | |
| fixed length control field | 250409b |||||||| |||| 00| 0 eng d |
| 020 ## - INTERNATIONAL STANDARD BOOK NUMBER | |
| International Standard Book Number | 9780199595006 |
| 037 ## - SOURCE OF ACQUISITION | |
| Terms of availability | Textual |
| 040 ## - CATALOGING SOURCE | |
| Original cataloging agency | RTL |
| Transcribing agency | RTL |
| 084 ## - COLON CLASSIFICATION NUMBER | |
| Classification number | V6 Q1 |
| 245 ## - TITLE STATEMENT | |
| Title | African athena: New agendas |
| 260 ## - PUBLICATION, DISTRIBUTION, ETC. | |
| Place of publication, distribution, etc. | United Kingdom |
| Name of publisher, distributor, etc. | Oxford University Press |
| Date of publication, distribution, etc. | 2011 |
| 300 ## - PHYSICAL DESCRIPTION | |
| Extent | x, 469 p. |
| Other physical details | Includes bibliographical references and index |
| 520 ## - SUMMARY, ETC. | |
| Summary, etc. | Attempts to receive the texts, images, and material culture of ancient Greece and Rome inevitably run the risk of appropriating the past in order to authenticate the present. Exploring the ways in which the classical past has been mapped over the centuries allows us to trace the avowal and disavowal of values and identities, old and new. Classical Presences brings the latest scholarship to bear on the contexts, theory, and practice of such use, and abuse, of the classical past. |
| 650 ## - SUBJECT ADDED ENTRY--TOPICAL TERM | |
| Topical term or geographic name entry element | African history |
| 9 (RLIN) | 248727 |
| 650 ## - SUBJECT ADDED ENTRY--TOPICAL TERM | |
| Topical term or geographic name entry element | Classical diaspora |
| 9 (RLIN) | 751997 |
| 650 ## - SUBJECT ADDED ENTRY--TOPICAL TERM | |
| Topical term or geographic name entry element | Cultural athena |
| 9 (RLIN) | 751998 |
| 700 ## - ADDED ENTRY--PERSONAL NAME | |
| Personal name | Orrells, daniel |
| Relator term | Editor |
| 9 (RLIN) | 751999 |
| 700 ## - ADDED ENTRY--PERSONAL NAME | |
| Personal name | Bhambra, gurminder K. |
| Relator term | Editor |
| 9 (RLIN) | 324486 |
| 700 ## - ADDED ENTRY--PERSONAL NAME | |
| Personal name | Roynon, tessa |
| Relator term | Editor |
| 9 (RLIN) | 752000 |
| 942 ## - ADDED ENTRY ELEMENTS (KOHA) | |
| Source of classification or shelving scheme | Colon Classification (CC) |
| Suppress in OPAC | No |
| Koha item type | Textbook |
| Classification part | V6 Q1 |
| Withdrawn status | Lost status | Source of classification or shelving scheme | Damaged status | Not for loan | Home library | Current library | Date acquired | Total Checkouts | Full call number | Barcode | Date last seen | Price effective from | Koha item type |
|---|---|---|---|---|---|---|---|---|---|---|---|---|---|
| Colon Classification (CC) | Ratan Tata Library | Ratan Tata Library | 2025-04-09 | V6 Q1 | RT1528347 | 2025-04-09 | 2025-04-09 | Textbook |
